000 00442nam a22001577a 4500
005 20251108172310.0
008 250721s9999 xx 000 0 ara d
082 1 4 _a793.74/عمر
100 1 _aيوسف، عمرو
245 1 0 _aإختبر معلوماتك :
_bس و 3ج /
264 1 _aالقاهرة :
_bالمركز العربي للنشر،
_c[19-].
300 _aج
650 1 7 _aالألغاز
942 _2ddc
_cBK
999 _c75502
_d75502